| 000 | 00941cam a2200265 i 4500 | ||
|---|---|---|---|
| 001 | 61491 | ||
| 003 | Mx-PuUPA | ||
| 005 | 20231024094455.0 | ||
| 008 | 141003s2002 mx grb 000 0 spa d | ||
| 040 |
_aMx-PuUPA _bspa _cMx-PuUPA _dMx-PuUPA _erda |
||
| 041 | 0 | _aspa | |
| 100 | 1 |
_aChávez Sánchez, Eduardo, _d1956- _eautor _9277 |
|
| 245 | 1 | 0 |
_aAlgunas investigaciones, libros y fuentes documentales para el estudio del Acontecimiento Guadalupano / _cEduardo Chávez Sánchez |
| 250 | _a1a. edición | ||
| 264 | 1 |
_aMéxico, D.F. : _bÁngel Servin Impresores, _c©2002 |
|
| 300 |
_a359 páginas ; _c23 cm |
||
| 336 |
_atexto _2rdacontent _btxt |
||
| 337 |
_asin medio _2rdamedia _bn |
||
| 338 |
_avolumen _2rdacarrier _bnc |
||
| 600 | 4 |
_aVirgen María _vBibliografías |
|
| 650 | 7 |
_aApariciones y milagros _zMéxico _2armarc |
|
| 942 |
_2ddc _cLI _h232.9170972 _iC426 |
||
| 999 |
_c61491 _d61491 |
||